| 000 | 00350nam a2200145Ia 4500 | ||
|---|---|---|---|
| 008 | 150201s2005 xx 000 0 und d | ||
| 082 |
_a617.645 _bP2005P |
||
| 100 | _aPINKHAM, JIMMY R. | ||
| 245 | _aPEDIATRIC DENTISTRY | ||
| 250 | _a4TH | ||
| 260 |
_bSAUNDERS _aPHILADELPHIA _c2005 |
||
| 300 | _a1-750 | ||
| 650 | _aPEDODONTICS | ||
| 942 |
_2ddc _cBK _05 |
||
| 999 |
_c3472 _d3472 |
||